| 000 | 00869nam a22001937a 4500 | ||
|---|---|---|---|
| 999 |
_c59311 _d59311 |
||
| 005 | 20230117102017.0 | ||
| 008 | 230117c2022 enk||||| |||| 00| 0 eng d | ||
| 041 | _aeng | ||
| 245 |
_ajml : _bJournal of Modern Literature / _cEditors: Robert L. Caserio, Paula Marantz Cohen, Janet Lyon, Daniel T. O'Hara, Jean-Michel Rabaté and Jennifer Yusin |
||
| 260 |
_aUSA, _c2022. |
||
| 653 | _a თანამედროვე ლიტერატურის ჟურნალი | | ||
| 653 | _aპერიოდიკა | ||
| 700 |
_aCaserio, Robert L _eრედაქტორი _916699 |
||
| 700 |
_aCohen, Paula Marantz _93214 |
||
| 700 |
_aJanet Lyon, Daniel T _eრედაქტორი _93215 |
||
| 700 |
_aO'Hara, Jean-Michel Rabaté _eრედაქტორი _93216 |
||
| 700 |
_aYusin, Jennifer _eრედაქტორი _93217 |
||
| 942 |
_2udc _cCR |
||